Petit Bac #75 - Présidents Français (par nom) - Statistiques

Statistiques générales
  • Ce quiz a été pris 1 979 fois
  • Le résultat moyen est 8 sur 12
Statistiques - réponses
1ère lettre Président français % Correct
M Macron / Mitterrand / Millerand
99%
H Hollande
94%
D de Gaulle / Doumer / Doumergue / Deschanel / de Mac Mahon
91%
C Chirac / Coty / Casimir-Perier / Carnot
90%
S Sarkozy
90%
G Giscard d'Estaing / Grévy
82%
P Pompidou / Poincaré
80%
F Fallières / Faure
45%
T Thiers
38%
B Bonaparte
35%
A Auriol
33%
L Lebrun / Loubet
30%
Aucun quiz correspondant
Distribution des résultats
% des personnes avec chaque résultat
Percentile par nombre de réponses
Votre historique - résultats
Vous n’avez pas pris ce quiz